| Tag |
First Indicator |
Second Indicator |
Subfields |
| LEADER |
00000cam a2200000 4500 |
| 001 |
in00000047026 |
| 005 |
20151007065404.0 |
| 008 |
751128s1953 nyua 00000 eng |
| 010 |
|
|
|a 53013401
|
| 035 |
|
|
|a (OCoLC)01862638
|
| 035 |
|
|
|9 AAE1895AM
|
| 040 |
|
|
|a DLC
|c FQG
|d TXA
|d UtOrBLW
|
| 049 |
|
|
|a TXAM
|c [242391]
|
| 050 |
0 |
0 |
|a QC447
|b .B77
|
| 082 |
0 |
|
|a 535
|a 537.1*
|
| 092 |
|
|
|a 535
|b B878m
|
| 100 |
1 |
|
|a Brown, John,
|d 1923-
|
| 245 |
1 |
0 |
|a Microwave lenses /
|c With a foreward by Willis Jackson.
|
| 264 |
|
1 |
|a London :
|b Methuen;
|a New York :
|b Wiley,
|c [1953]
|
| 300 |
|
|
|a 125 pages :
|b illustrations ;
|c 17 cm.
|
| 336 |
|
|
|a text
|b txt
|2 rdacontent
|
| 337 |
|
|
|a unmediated
|b n
|2 rdamedia
|
| 338 |
|
|
|a volume
|b nc
|2 rdacarrier
|
| 490 |
1 |
|
|a Methuen's monographs on physical subjects
|
| 650 |
|
0 |
|a Electron optics.
|
| 650 |
|
0 |
|a Dielectrics.
|
| 830 |
|
0 |
|a Methuen's monographs on physical subjects.
|
| 999 |
|
|
|a MARS
|
| 999 |
f |
f |
|s e09ae673-8200-3154-9970-d6ea1a12b8af
|i cc79aa9f-5f4c-37a8-b412-3e6f4ae7e697
|t 0
|
| 952 |
f |
f |
|p ric
|a Texas A&M University
|b Rellis Campus
|c Joint Library Facility
|d Remote Storage
|t 0
|e QC447 .B77
|h Library of Congress classification
|i unmediated -- volume
|m A14800916224
|
| 998 |
f |
f |
|a QC447 .B77
|t 0
|l Remote Storage
|